00920cam a2200277 a 450000100100000000500170001000800410002702000150006804000250008308200220010810000370013024500690016725000120023626000320024830000210028049000270030165000290032865000310035770000300038883000350041891000330045391000070048604900090049395201250050299900150062700000554620200929151716.0750122s1994 sp 001 0 spa  a8437600006 aDO-SdBNPbspacBNPHU a861.6bO87v, 19941 aOtero, Blas de,d1916-19799420710aVerso y prosa /cBlas de Otero ; epílogo de Sabina de la Cruz. a18a ed. aMadrid :bCátedra,c1994. a134 p. ;c18 cm.1 aLetras hispánicasv3 4aPoesía española9631 4aLiteratura española96321 aCruz, Sabina de la915670 0aLetras hispánicas ;v394208 aCatalogación derivada / LC aWM aBNGR 001052708MOaGRbGRcHDd2009-08-19iLF1l0o861.6 O87v, 1994p5546-10r2020-06-25w2020-06-25y2ZPréstamo interno c5345d5345